| 000 | 00706cam a2200289 4500 | ||
|---|---|---|---|
| 001 | J96523 | ||
| 008 | 090401t1999 xxu||||| |||| 00| 0 eng d | ||
| 035 | _a(Sirsi) u91170 | ||
| 041 | _aeng | ||
| 050 | _a330.941 | ||
| 110 |
_aCB Hillier Parker _93660 |
||
| 245 | _aEcono-property monthly review. - January 1999 - October 1999 | ||
| 260 |
_aLondon _bCB Hillier Parker _c1999 |
||
| 300 | _a8 pt. ; 30cm. | ||
| 350 | _a0 | ||
| 650 | _aBALANCE OF PAYMENTS | ||
| 650 | _aECONOMY | ||
| 650 | _aGDP | ||
| 650 | _aGILTS | ||
| 650 | _aINFLATION | ||
| 650 | _aPRODUCER PRICES | ||
| 650 | _aPSBR | ||
| 650 | _aRETAIL SALES | ||
| 690 | _aECONOMIC AND SOCIAL | ||
| 942 | _n0 | ||
| 948 | _c09/02/1999 | ||
| 999 |
_c97618 _d97618 |
||